000 00574nam a22002057a 4500
005 20170124110122.0
010 _aA-163093
020 _c00.00
_a0195030052
035 _aA-163093
037 _bCen Lib/Ret
040 _aDPL
_bEN
082 _a921
_bMEH
100 _aMehta, Ved
_928029
245 _aVedi /
_cby Ved Mehta
260 _aNew York
_bOxford University Press
_c1981
300 _a258p. :
_c21cm(Hb)
_bill.
650 _aMehta, Ved, -- 1934-
_930892
650 _aBlind children -- India -- Biography
_930893
942 _2ddc
_cEN
_h921
_mMEH
999 _c131114
_d131114